Statistics for Top 10 Countries in Gun Violence

Click here to take the quiz!

General Stats

  • This quiz has been taken 300 times
    (217 since last reset)
  • The average score is 6 of 10

Answer Stats

*DeathsCountry% Correct
11.96United States
98%
21.90Brazil
81%
18.65Colombia
79%
49.22Venezuela
72%
45.60El Salvador
66%
60.00Honduras
66%
34.10Guatemala
63%
15.11Panama
48%
30.72Jamaica
46%
37.16Swaziland
6%

Score Distribution

Percentile by Number Answered

Percent of People with Each Score

Your Score History

You have not taken this quiz since the last reset